000 00516nam a2200181Ia 4500
008 090630s9999 xx 000 0 und d
082 _b1826
100 _a---
245 _aभाजी पाल्याची लागवड.
_c---
260 _bउद्यम.
_c1973
300 _a104
600 _a---
630 _aभाजी पाल्याची लागवड.
655 _aइतर.
700 _a---
730 _aभाजी पाल्याची लागवड.
942 _cBOOK
999 _c253682
_d253682